Perang Vietnam & netralisasi Asia Tenggara. (Record no. 70554)

MARC details
000 -LEADER
fixed length control field 00659cam a22002411 4500
001 - CONTROL NUMBER
control field sa 66006505
003 - CONTROL NUMBER IDENTIFIER
control field DLC
005 - DATE AND TIME OF LATEST TRANSACTION
control field 20260227112257.0
008 - FIXED-LENGTH DATA ELEMENTS--GENERAL INFORMATION
fixed length control field 890403s1964 io ab 000 0 ind
010 ## - LIBRARY OF CONGRESS CONTROL NUMBER
LC control number sa 66006505
035 ## - SYSTEM CONTROL NUMBER
System control number (OCoLC)23567947
040 ## - CATALOGING SOURCE
Original cataloging agency DLC
Transcribing agency MiU
Modifying agency DLC
042 ## - AUTHENTICATION CODE
Authentication code premarc
043 ## - GEOGRAPHIC AREA CODE
Geographic area code a-vt---
-- as-----
050 00 - LIBRARY OF CONGRESS CALL NUMBER
Classification number DS557.A6
Item number I4
100 1# - MAIN ENTRY--PERSONAL NAME
Personal name Iljas, Bachtiar.
245 10 - TITLE STATEMENT
Title Perang Vietnam & netralisasi Asia Tenggara.
250 ## - EDITION STATEMENT
Edition statement [Tjet. 1]
260 ## - PUBLICATION, DISTRIBUTION, ETC.
Place of publication, distribution, etc. Djakarta,
Name of publisher, distributor, etc. Delegasi
Date of publication, distribution, etc. [1964]
300 ## - PHYSICAL DESCRIPTION
Extent 164 p.
Other physical details illus., fold. map.
Dimensions 18 cm.
651 #0 - SUBJECT ADDED ENTRY--GEOGRAPHIC NAME
Geographic name Vietnam
General subdivision History
651 #0 - SUBJECT ADDED ENTRY--GEOGRAPHIC NAME
Geographic name Southeast Asia
General subdivision Politics and government.

No items available.

Powered by Koha